Normal view
MARC view
- تاليف عبد الحميد، عبد الحميد السيد محمد
Entry Personal Name
001 - CONTROL NUMBER
- control field: 10748
003 - CONTROL NUMBER IDENTIFIER
- control field: JO-AjAnu
005 - DATE AND TIME OF LATEST TRANSACTION
- control field: 20230606072027.0
008 - FIXED-LENGTH DATA ELEMENTS
- fixed length control field: 230606|| aca||aabn | a|a d
040 ## - CATALOGING SOURCE
- Original cataloging agency: JO-AjAnu
- Transcribing agency: JO-AjAnu
100 ## - HEADING--PERSONAL NAME
- Personal name: تاليف عبد الحميد، عبد الحميد السيد محمد
670 ## - SOURCE DATA FOUND
- Source citation: Work cat.: (JO-AjAnu)5533: تاليف عبد الحميد، عبد الحميد السيد محمد, author, فصل المقال في" الوقف، والإمالة، وزيادة همزة الوصل، والإبدال والإعلال"